[Event "Niedersachsen-ch Seniors op 13th"]
[Site "Bad Bevensen"]
[Date "2010.07.10"]
[Round "5"]
[White "Paulsen, Eckart"]
[Black "Wittmann, Georg"]
[Result "1/2-1/2"]
[WhiteElo "1653"]
[BlackElo "1752"]
[PlyCount "67"]
[EventDate "2010.07.06"]
[EventType "swiss"]
[EventRounds "9"]
[EventCountry "GER"]
[SourceTitle "EXT 2012"]
[Source "ChessBase"]
[SourceDate "2011.11.24"]
[SourceVersion "1"]
[SourceVersionDate "2011.11.24"]
[SourceQuality "1"]

1. d4 d5 2. c4 c6 3. Nf3 Nf6 4. g3 Bf5 5. Bg2 dxc4 6. Ne5 Nbd7 7. Nxc4 e5 8. dxe5 Nxe5 9. Qxd8+ Rxd8 10. Nxe5 Bxb1 11. Rxb1 Bb4+ 12. Bd2 Rxd2 13. Kf1 0-0 14. Nd3 Bd6 15. Ke1 Rc2 16. Rc1 Bb4+ 17. Kf1 Rxc1+ 18. Nxc1 Rc8 19. Bf3 b6 20. Nd3 Bd6 21. Kg2 c5 22. Rc1 c4 23. e4 Rc7 24. e5 cxd3 25. Rxc7 Bxc7 26. exf6 Be5 27. b3 Bxf6 28. Kf1 Bc3 29. Be4 d2 30. Ke2 b5 31. a3 a5 32. Bd3 b4 33. a4 h6 34. Bc2 1/2-1/2